LEADER 01103nam0-22003251i-450- 001 990007452610403321 005 20030718102809.0 010 $a88-14-10210-4 035 $a000745261 035 $aFED01000745261 035 $a(Aleph)000745261FED01 035 $a000745261 100 $a20030718d2003----km-y0itay50------ba 101 0 $aita 102 $aIT 105 $ay---a---001yy 200 1 $a<>esecuzione civile$erassegna della giurisprudenza su tutta la normativa sostanziale e processuale con commento$ecomprese l'esecuzione esattoriale e la fase esecutiva del procedimento di sequestro e del procedimento fallimentare$fGianni Bellagamba, Giuseppe Cariti 205 $a2. ed. ampliata ed aggiornata 210 $aMilano$cGiuffrè$d2003 215 $aXV, 557 p.$d24 cm 676 $a346.45077$v20$zita 700 1$aBellagamba,$bGianni$0145299 701 1$aCariti,$bGiuseppe$f<1935- >$0145300 801 0$aIT$bUNINA$gRICA$2UNIMARC 901 $aBK 912 $a990007452610403321 952 $aDD-102$fDDRC 959 $aDDRC 996 $aEsecuzione civile$9639758 997 $aUNINA LEADER 01019nam0-2200337---450- 001 990009695330403321 005 20130318120716.0 010 $a978-88-204-0346-1 035 $a000969533 035 $aFED01000969533 035 $a(Aleph)000969533FED01 035 $a000969533 100 $a20130318d2012----km-y0itay50------ba 101 0 $aita 102 $aIT 105 $aa-------001yy 200 1 $aPrendere decisioni sul paesaggio$esperimentazione interdisciplinare per la gestione del paesaggio viticolo$fa cura di Federica Larcher 210 $aMilano$cFrancoAngeli$d©2012 215 $a223 p., [8] c. di tav.$cill.$d23 cm 225 1 $aPercorsi di ricerca$v18 610 0 $aEcologia urbana 676 $a577.56$v22$zita 676 $a711.7$v22$zita 702 1$aLarcher$bFederica 801 0$aIT$bUNINA$gRICA$2UNIMARC 901 $aBK 912 $a990009695330403321 952 $aURB.LE B 2734$bs.i.$fFARBC 959 $aFARBC 996 $aPrendere decisioni sul paesaggio$9843031 997 $aUNINA LEADER 01382nam--2200385---450 001 990002667540203316 005 20200626073929.0 010 $a88-8272-012-8 035 $a000266754 035 $aUSA01000266754 035 $a(ALEPH)000266754USA01 035 $a000266754 100 $a20051004h1998----km-y0itaa50------ba 101 0 $aita 102 $aIT 105 $ay|||z|||001yy 200 1 $aSillabo$eovvero sommario dei principali errori dell'età nostra che sono notati nelle allocuzioni concistoriali, encicliche ed altre lettere apostoliche del ss. signor nostro Pio papa 9. 205 $aNuova ed. italiana con testo a fronte e appendice documentaria$fa cura di Gianni Vannoni 210 $aSiena$cCantagalli$dcopyr. 1998 215 $a209 p.$d18 cm 225 2 $a<> classici cristiani$v235-236 410 0$12001$a<> classici cristiani$v235-236 700 0$aPIUS$c$0177706 702 1$aVANNONI,$bGianni 801 0$aIT$bsalbc$gISBD 912 $a990002667540203316 951 $aII.2. Coll. 68/ 9 (V B COLL 23/235-236)$b179485 L.M.$cV B COLL$d00089965 959 $aBK 969 $aUMA 979 $aPECORARO$b90$c20051004$lUSA01$h1820 979 $aPECORARO$b90$c20051004$lUSA01$h1823 979 $aPECORARO$b90$c20051005$lUSA01$h0933 979 $aCOPAT4$b90$c20070220$lUSA01$h1016 996 $aSillabo$91004656 997 $aUNISA